Cervidés - Mort subite - Statistiques

Statistiques générales
  • Ce quiz a été pris 379 fois
  • Le résultat moyen est 5 sur 7
Answers on the Grid
Answers color-coded by a green-red scale on the quiz's grid according to % correct below.
Cerf
Chevreuil
Élan
Daim
Renne
Caribou
Wapiti
Gazelle
Antilope
Chamois
Bouquetin
Mouflon
 
Statistiques - réponses
Réponse % Correct
Cerf
85%
Renne
74%
Élan
73%
Chevreuil
70%
Caribou
68%
Daim
68%
Wapiti
48%
Aucun quiz correspondant
Distribution des résultats
% des personnes avec chaque résultat
Percentile par nombre de réponses
Votre historique - résultats
Vous n’avez pas pris ce quiz